Tenancy minefield (Record no. 64074)

MARC details
000 -LEADER
fixed length control field 00971cam a2200253 4500
001 - CONTROL NUMBER
control field ABS62629
008 - FIXED-LENGTH DATA ELEMENTS--GENERAL INFORMATION
fixed length control field 000000n2000 000 0 eng u
035 ## - SYSTEM CONTROL NUMBER
System control number (Sirsi) u107186
100 ## - MAIN ENTRY--PERSONAL NAME
Personal name Beasley, A.
245 ## - TITLE STATEMENT
Title Tenancy minefield
260 ## - PUBLICATION, DISTRIBUTION, ETC.
Date of publication, distribution, etc. 2000
490 ## - SERIES STATEMENT
Series statement Property Week
Volume/sequential designation 65(26) 30 June 2000, 66-67(2)
520 ## - SUMMARY, ETC.
Summary, etc. Considers a recent House of Lords decision in an agricultural periodic tenancy case "Barrett v Morgan" which has implications for commercial property transactions when companies undertake sale-and-leasebacks. The case establishes legal principles which can be applied to fixed-term tenancies subject to break options.
590 ## - LOCAL NOTE (RLIN)
Local note ABS
650 ## - SUBJECT ADDED ENTRY--TOPICAL TERM
Topical term or geographic name entry element SALE AND LEASEBACK
650 ## - SUBJECT ADDED ENTRY--TOPICAL TERM
Topical term or geographic name entry element FIXED TERM TENANCIES
650 ## - SUBJECT ADDED ENTRY--TOPICAL TERM
Topical term or geographic name entry element BREAK OPTIONS
650 ## - SUBJECT ADDED ENTRY--TOPICAL TERM
Topical term or geographic name entry element BARRETT V MORGAN
650 ## - SUBJECT ADDED ENTRY--TOPICAL TERM
Topical term or geographic name entry element SUBLEASES
650 ## - SUBJECT ADDED ENTRY--TOPICAL TERM
Topical term or geographic name entry element COMMERCIAL PROPERTY TRANSACTIONS
690 ## - LOCAL SUBJECT ADDED ENTRY--TOPICAL TERM (OCLC, RLIN)
Topical term or geographic name as entry element LANDLORD AND TENANT-AGRICULTURAL TENANCIES
700 ## - ADDED ENTRY--PERSONAL NAME
Personal name Dunn, G.
942 ## - ADDED ENTRY ELEMENTS (KOHA)
Suppress in OPAC 0
Holdings
Withdrawn status Lost status Source of classification or shelving scheme Damaged status Not for loan Home library Current library Shelving location Date acquired Total Checkouts Full call number Barcode Date last seen Copy number Price effective from Koha item type
    Dewey Decimal Classification     London London Journal article 18/07/2000   ABS62629 107186-1001 06/08/2019 1 06/08/2019 Journal article